000 00865nam1a2200289 i 4500
001 RU\NLR\bibl\1878209
005 20240726034848.0
010 _a9785699544387
035 _a(NLR Aleph) 001867999
090 _a2622173
_c2622173
100 _a20120311g20129999u y0rusy50 ca
101 1 _arus
_cfre
102 _aRU
105 _ay |||||||||
200 1 _aКольцо Атлантиды
_eроман
_fЖюльетта Бенцони
_g[пер. с фр. С. Хачатуровой]
210 _aМосква
_cЭКСМО
_d2012
215 _d21
463 0 _10011874145
463 0 _10011875188
686 _aШ6(4Фр)67-442{Лх1649-51}
700 1 _aБенцони
_bЖ.
_f1920-
_gЖюльетта
_4070
801 0 _aRU
_bNLR
_c20120311
_gRCR
801 1 _aRU
_bNLR
_c20120311
852 _aNLR
_j2012-3/6509
942 _cBOOK
980 _aNBR